000 00323nab a22001097u 4500
008 130520b1983 xxu||||| |||| 00| 0 spa d
041 _aspa
100 1 _aChirpaz, François
_911800
245 0 0 _aBloch y la rebelión de Job
_cFrançois Chirpaz
773 0 _tConcilium
_gV.3,1983,págs.359-370
_x0210-1041
_wRev134
942 _cAR
999 _c355015
_d355015